000 00941nam a2200241 a 4500
001 61537
003 BD-RjUL
005 20211209080956.0
008 170119s1989 ii ||||| |||| 00| 0 ben d
020 _c: IRs 50.00
035 _a(BD-RjUL)61661
040 _aBD-RjUL
_bben
_cBD-RjUL
041 _aben
082 _223
_a335.60954
_bDAF 1989
100 _aদাশ, সুস্মাত
_9177553
245 1 0 _aফ্যাসিবাদ-বিরোধী সংগ্রামে অবিভক্ত বাঙলা /
_cসুস্মাত দাশ
260 _aকলিকাতা :
_bপাইমা পাবলিকেশন্স,
_c১৯৮৯
300 _a[১০], ২৮০ পৃ. ;
_c২১ সেমি.
504 _aনির্ঘন্ট সম্বলিত
650 _aফ্যাসিবাদ
_zবেঙ্গল
_9183367
650 _aFasicism
_zBengal
_9183368
942 _2ddc
_cBK
999 _c61537
_d61537